El Ferrocarril al Pacífico: un ente de regulación y desarrollo en crisis permanente, 1880-1972 /
Sinopsis
Sparad:
| Huvudupphovsman: | |
|---|---|
| Materialtyp: | Text |
| Språk: | Spanish |
| Ämnen: | |
| Taggar: |
Lägg till en tagg
Inga taggar, Lägg till första taggen!
|
MARC
| LEADER | 00000 a a2200000 04500 | ||
|---|---|---|---|
| 001 | 1101 | ||
| 003 | cru IIS | ||
| 005 | 20210805122139.0 | ||
| 008 | 210805b |||||||| |||| 00| 0 spa d | ||
| 040 | |c cru IIS | ||
| 100 | |a Botey Sobrado, Ana María | ||
| 245 | |a El Ferrocarril al Pacífico: |b un ente de regulación y desarrollo en crisis permanente, 1880-1972 / |c Ana María Botey Sobrado | ||
| 500 | |a Colección Centroamérica | ||
| 520 | |a Sinopsis | ||
| 650 | 0 | |a PUBLICACIONES INSTITUTO DE INVESTIGACIONES SOCIALES-UCR |9 1857 | |
| 650 | 0 | |a FERROCARRILES |9 5198 | |
| 651 | 0 | |9 32 |a COSTA RICA | |
| 773 | |g volumen 25, número 1; páginas 139-157 | ||
| 773 | 0 | |0 18765 |9 5841 |a Universidad de Costa Rica. |d San José, Costa Rica: Editorial Universidad de Costa Rica, 1974- |o 21401 |t Anuario de Estudios Centroamericanos / |x 03777316 | |
| 942 | |2 ddc |c PP | ||
| 999 | |c 32527 |d 32527 | ||
